The handbook of fixed income securities / (Record no. 81099)

MARC details
000 -LEADER
fixed length control field 01057nam a22002897a 4500
005 - DATE AND TIME OF LATEST TRANSACTION
control field 20131206151515.0
010 ## - LCCN (DPL NO)
LC control number ENG-108792
020 ## - INTERNATIONAL STANDARD BOOK NUMBER
International Standard Book Number 9781259098284
Terms of availability 2750.00
020 ## - INTERNATIONAL STANDARD BOOK NUMBER
International Standard Book Number 1259098281
Terms of availability 2750.00
035 ## - SYSTEM CONTROL NUMBER
System control number EN-92325
037 ## - SOURCE OF ACQUISITION
Source of stock number/acquisition DBAD/PUB
082 00 - DEWEY DECIMAL CLASSIFICATION NUMBER
Classification number 332.632044
Edition number 23
245 04 - TITLE STATEMENT
Title The handbook of fixed income securities /
Statement of responsibility, etc edited by Frank J. Fabozzi; with the assistance of Steven V. Mann
250 ## - EDITION STATEMENT
Edition statement 8th ed
260 ## - PUBLICATION, DISTRIBUTION, ETC. (IMPRINT)
Place of publication, distribution, etc New Delhi
Name of publisher, distributor, etc McGraw-Hill Education
Date of publication, distribution, etc 2012
270 ## - ADDRESS
Address P-24 Green Park Extension
City New Delhi
Postal code 110016
300 ## - PHYSICAL DESCRIPTION
Extent xxx,1809p. :
Other physical details ill.
Dimensions 24cm(Hb)
500 ## - GENERAL NOTE
General note Includes bibliographical references and index.
650 #0 - SUBJECT ADDED ENTRY--TOPICAL TERM
Topical term or geographic name as entry element Bonds
Form subdivision Handbooks, manuals, etc.
650 #0 - SUBJECT ADDED ENTRY--TOPICAL TERM
Topical term or geographic name as entry element Preferred stocks
Form subdivision Handbooks, manuals, etc.
650 #0 - SUBJECT ADDED ENTRY--TOPICAL TERM
Topical term or geographic name as entry element Money market funds
Form subdivision Handbooks, manuals, etc.
650 #0 - SUBJECT ADDED ENTRY--TOPICAL TERM
Topical term or geographic name as entry element Mutual funds
Form subdivision Handbooks, manuals, etc.
650 #0 - SUBJECT ADDED ENTRY--TOPICAL TERM
Topical term or geographic name as entry element Fixed-income securities
Form subdivision Handbooks, manuals, etc.
700 1# - ADDED ENTRY--PERSONAL NAME
Personal name Fabozzi, Frank J.
700 1# - ADDED ENTRY--PERSONAL NAME
Personal name Mann, Steven V.
942 ## - ADDED ENTRY ELEMENTS (KOHA)
Source of classification or shelving scheme Dewey Decimal Classification
Item type English Books
Classification part 332.632044
Call number suffix HAN
Holdings
Withdrawn status Lost status Not for loan Collection code Home library Current library Date acquired Source of acquisition Cost, normal purchase price Full call number Barcode Copy number Cost, replacement price Koha item type
    Not For Loan Non-fiction D.B.Act.Division D.B.Act.Division 06/12/2013 DBAD/PUB 2750.00 332.632044 HAN EN-92325 1 2750.00 English Books

© Delhi Public Library
Hit Counter
free hit counter